书目信息 |
| 题名: |
信息论与编码
|
|
| 作者: | 陈运 编著 | |
| 分册: | ||
| 出版信息: | 北京 电子工业出版社 2016.1 |
|
| 页数: | 193页 | |
| 开本: | 26cm | |
| 丛书名: | ||
| 单 册: | ||
| 中图分类: | TN911.2 | |
| 科图分类: | ||
| 主题词: | 信息论--高等学校--教材 , 信源编码--高等学校--教材 | |
| 电子资源: | ||
| ISBN: | 978-7-121-27700-9 | |
| 000 | 01252nam0 2200301 450 | |
| 001 | 0400003808 | |
| 005 | 20171026094900.48 | |
| 010 | @a978-7-121-27700-9@dCNY35.90 | |
| 100 | @a20160113e2016 em y0chiy50 ea | |
| 101 | 0 | @achi |
| 102 | @aCN@b110000 | |
| 105 | @ay z 000yy | |
| 106 | @ar | |
| 200 | 1 | @a信息论与编码@9xin xi lun yu bian ma@b专著@f陈运 ... [等]编著 |
| 205 | @a第3版 | |
| 210 | @a北京@c电子工业出版社@d2016.1@h2016.12 | |
| 215 | @a193页@d26cm | |
| 300 | @a“十二五”普通高等教育本科国家级规划教材 普通高等教育“十一五”国家级规划教材 电子信息类精品教材 | |
| 304 | @a编著者还有:周亮、陈新、陈伟建 | |
| 312 | @a封面英文题名:Information theory and coding | |
| 330 | @a本书系统介绍和论述了信息的基本概念;信息论的起源、发展及研究内容;香农信息论的三个基本概念:信源熵、信道容量和信息率失真函数,以及与这三个概念相对应的三个编码定理;解决通信系统有效性、可靠性和安全性的三类编码:信源编码、信道编码和安全编码——密码的基本方法,以及密码安全性与信息论的关系等内容。 | |
| 510 | 1 | @aInformation theory and coding@zeng |
| 606 | 0 | @a信息论@x高等学校@j教材 |
| 606 | 0 | @a信源编码@x高等学校@j教材 |
| 690 | @aTN911.2@v5 | |
| 701 | 0 | @a陈运@9chen yun@4编著 |
| 801 | 0 | @aCN@b91MARC@c20171022 |
| 905 | @b1034366-70@dTN911.2@f5@e217=3 | |
| 信息论与编码/陈运 ... [等]编著.-第3版.-北京:电子工业出版社,2016.1(2016.12) |
| 193页;26cm |
| “十二五”普通高等教育本科国家级规划教材 普通高等教育“十一五”国家级规划教材 电子信息类精品教材 |
| ISBN 978-7-121-27700-9:CNY35.90 |
| 本书系统介绍和论述了信息的基本概念;信息论的起源、发展及研究内容;香农信息论的三个基本概念:信源熵、信道容量和信息率失真函数,以及与这三个概念相对应的三个编码定理;解决通信系统有效性、可靠性和安全性的三类编码:信源编码、信道编码和安全编码——密码的基本方法,以及密码安全性与信息论的关系等内容。 |
| ● |
| 相关链接 |
|
|
|
|
正题名:信息论与编码
索取号:TN911.2/217=3
 
预约/预借
| 序号 | 登录号 | 条形码 | 馆藏地/架位号 | 状态 | 备注 |
| 1 | 1034366 | 210343662 | 第二样本阅览室/ [索取号:TN911.2/217=3] | 在馆 | |
| 2 | 1034367 | 210343671 | 物理系资料室/ [索取号:TN911.2/217=3] | 在馆 | |
| 3 | 1034368 | 210343680 | 第三借阅区/ [索取号:TN911.2/217=3] | 在馆 | |
| 4 | 1034369 | 210343699 | 第三借阅区/ [索取号:TN911.2/217=3] | 在馆 | |
| 5 | 1034370 | 210343706 | 第三借阅区/ [索取号:TN911.2/217=3] | 在馆 |